Hệ thống hóa các văn bản pháp luật về công tác thanh tra

Đã lưu trong:
书目详细资料
主要作者: Đào, Thanh Hải
格式: 图书
语言:Undetermined
出版: Hà Nội Lao động Xã hội 2004
主题:
标签: 添加标签
没有标签, 成为第一个标记此记录!
Thư viện lưu trữ: Trung tâm Học liệu Trường Đại học Cần Thơ
LEADER 00624nam a2200205Ia 4500
001 CTU_63602
008 210402s9999 xx 000 0 und d
020 |b 280000 
082 |a 352.35 
082 |b H103 
100 |a Đào, Thanh Hải 
245 0 |a Hệ thống hóa các văn bản pháp luật về công tác thanh tra 
245 0 |c Đào Thanh Hải 
260 |a Hà Nội 
260 |b Lao động Xã hội 
260 |c 2004 
650 |a Public administration,Hành chính công 
650 |z Vietnam 
904 |i Năm 
980 |a Trung tâm Học liệu Trường Đại học Cần Thơ